<?xml version="1.0" encoding="UTF-8"?>
<record
    xmlns:xsi="http://www.w3.org/2001/XMLSchema-instance"
    xsi:schemaLocation="http://www.loc.gov/MARC21/slim http://www.loc.gov/standards/marcxml/schema/MARC21slim.xsd"
    xmlns="http://www.loc.gov/MARC21/slim">

  <leader>02809nam a2200469Ii 4500</leader>
  <controlfield tag="001">DIGNARCEA0076</controlfield>
  <controlfield tag="003">NyNyDIG</controlfield>
  <controlfield tag="008">170216s2012    sp      ob    000 0 spa d</controlfield>
  <controlfield tag="006">m     o  d        </controlfield>
  <controlfield tag="007">cr |||||||||||</controlfield>
  <datafield tag="035" ind1=" " ind2=" ">
    <subfield code="a">(OCoLC)973476252</subfield>
  </datafield>
  <datafield tag="040" ind1=" " ind2=" ">
    <subfield code="a">DGITA</subfield>
    <subfield code="b">eng</subfield>
    <subfield code="e">rda</subfield>
    <subfield code="e">pn</subfield>
    <subfield code="c">DGITA</subfield>
  </datafield>
  <datafield tag="020" ind1=" " ind2=" ">
    <subfield code="a">9788427718418</subfield>
    <subfield code="q">(eBook ;</subfield>
    <subfield code="q">pdf)</subfield>
  </datafield>
  <datafield tag="020" ind1=" " ind2=" ">
    <subfield code="a">8427718411</subfield>
    <subfield code="q">(eBook ;</subfield>
    <subfield code="q">pdf)</subfield>
  </datafield>
  <datafield tag="020" ind1=" " ind2=" ">
    <subfield code="z">9788427715240</subfield>
    <subfield code="q">(papel)</subfield>
  </datafield>
  <datafield tag="020" ind1=" " ind2=" ">
    <subfield code="z">8427715242</subfield>
    <subfield code="q">(papel)</subfield>
  </datafield>
  <datafield tag="050" ind1="1" ind2="4">
    <subfield code="a">LB1027.5 ebook</subfield>
  </datafield>
  <datafield tag="245" ind1="0" ind2="3">
    <subfield code="a">La escuela orientadora :</subfield>
    <subfield code="b">la acci&#xF3;n tutorial desde una perspectiva institucional /</subfield>
    <subfield code="c">Jordi Long&#xE1;s y N&#xFA;ria Moll&#xE1; (coord.)</subfield>
  </datafield>
  <datafield tag="250" ind1=" " ind2=" ">
    <subfield code="a">Primera edici&#xF3;n en eBook.</subfield>
  </datafield>
  <datafield tag="264" ind1=" " ind2="1">
    <subfield code="a">Madrid :</subfield>
    <subfield code="b">Narcea, S.A. de Ediciones,</subfield>
    <subfield code="c">2012.</subfield>
  </datafield>
  <datafield tag="300" ind1=" " ind2=" ">
    <subfield code="a">1 online resource.</subfield>
  </datafield>
  <datafield tag="336" ind1=" " ind2=" ">
    <subfield code="a">text</subfield>
    <subfield code="b">txt</subfield>
    <subfield code="2">rdacontent</subfield>
  </datafield>
  <datafield tag="337" ind1=" " ind2=" ">
    <subfield code="a">computer</subfield>
    <subfield code="b">c</subfield>
    <subfield code="2">rdamedia</subfield>
  </datafield>
  <datafield tag="338" ind1=" " ind2=" ">
    <subfield code="a">online resource</subfield>
    <subfield code="b">cr</subfield>
    <subfield code="2">rdacarrier</subfield>
  </datafield>
  <datafield tag="490" ind1="1" ind2=" ">
    <subfield code="a">Educaci&#xF3;n hoy. Estudios ;</subfield>
    <subfield code="v">106</subfield>
  </datafield>
  <datafield tag="504" ind1=" " ind2=" ">
    <subfield code="a">Includes bibliographical references.</subfield>
  </datafield>
  <datafield tag="505" ind1="0" ind2=" ">
    <subfield code="a">Contextualizaci&#xF3;n y planteamientos institucionales / Jordi Long&#xE1;s Mayayo y N&#xFA;ria Moll&#xE1; Trill -- Educaci&#xF3;n, orientaci&#xF3;n y tutor&#xED;a : una opci&#xF3;n de intervenci&#xF3;n psicopedag&#xF3;gica / N&#xFA;ria Moll&#xE1; Trill -- Organizaci&#xF3;n de la orientaci&#xF3;n y la acci&#xF3;n tutorial / Jordi Long&#xE1;s Mayayo -- Planificaci&#xF3;n de la acci&#xF3;n tutorial / Mar Muro G&#xF3;mez -- Evaluaci&#xF3;n de la acci&#xF3;n tutorial / Carles Bel P&#xE9;rez y Jordi Llong&#xE1;s Mayayo -- La acci&#xF3;n tutorial con los alumnos / Susana Varona Ram&#xED;rez y Antonia Arcos Checa -- Acci&#xF3;n tutorial con alumnos con necesidades educativas espec&#xED;ficas / N&#xFA;ria Moll&#xE1; Trill -- Programaci&#xF3;n del cr&#xE9;dito de tutor&#xED;a / &#xD3;scar Ard&#xE8;vol, Juli&#xE0;, Montserrat Bolt&#xE1; Valls, M. &#xC1;ngeles de la Cruz Carballo, Mireia Hern&#xE1;ndez Hern&#xE1;ndez, Ma. Victoria Ipas Menal, Francesc Peir&#xF3; Berje y Antonio Orantes Lozano -- Recapitulaci&#xF3;n y estudio de casos / Antonia Arcos Checa, Montserrat Bolt&#xE1; Valls, Ma. Victoria Ipas Menal, Jordi Long&#xE1;s Mayayo, N&#xFA;ria Moll&#xE1; Trill, Mar Muro G&#xF3;mez y Susana Varona Ram&#xED;rez.</subfield>
  </datafield>
  <datafield tag="588" ind1="0" ind2=" ">
    <subfield code="a">Online resource; title from PDF title page (Digitalia, viewed February 16, 2017)</subfield>
  </datafield>
  <datafield tag="650" ind1=" " ind2="0">
    <subfield code="a">Tutors and tutoring.</subfield>
  </datafield>
  <datafield tag="650" ind1=" " ind2="0">
    <subfield code="a">Educational counseling.</subfield>
  </datafield>
  <datafield tag="655" ind1=" " ind2="0">
    <subfield code="a">Electronic books.</subfield>
  </datafield>
  <datafield tag="700" ind1="1" ind2=" ">
    <subfield code="a">Long&#xE1;s Mayayo, Jordi,</subfield>
    <subfield code="e">editor.</subfield>
  </datafield>
  <datafield tag="700" ind1="1" ind2=" ">
    <subfield code="a">Moll&#xE1; Trill, N&#xFA;ria,</subfield>
    <subfield code="e">editor.</subfield>
  </datafield>
  <datafield tag="791" ind1="2" ind2=" ">
    <subfield code="a">Digitalia (Firm),</subfield>
    <subfield code="e">distributor.</subfield>
  </datafield>
  <datafield tag="793" ind1="0" ind2=" ">
    <subfield code="g">Digitalia eBook Collection:</subfield>
    <subfield code="a">Narcea Ediciones</subfield>
  </datafield>
  <datafield tag="776" ind1="0" ind2="8">
    <subfield code="i">Print version:</subfield>
    <subfield code="t">Escuela orientadora.</subfield>
    <subfield code="d">Madrid : Narcea Ediciones, 2011</subfield>
    <subfield code="z">9788427715240</subfield>
  </datafield>
  <datafield tag="830" ind1=" " ind2="0">
    <subfield code="a">Educaci&#xF3;n hoy (Narcea (Firm)) ;</subfield>
    <subfield code="v">106.</subfield>
  </datafield>
  <datafield tag="830" ind1=" " ind2="0">
    <subfield code="a">Educaci&#xF3;n hoy (Narcea (Firm)).</subfield>
    <subfield code="p">Estudios.</subfield>
  </datafield>
  <datafield tag="856" ind1="4" ind2="0">
    <subfield code="3">Digitalia Hisp&#xE1;nica</subfield>
    <subfield code="u">https://www.digitaliapublishing.com/a/29045/</subfield>
  </datafield>
  <datafield tag="910" ind1=" " ind2=" ">
    <subfield code="a">Premium collection: 2017</subfield>
  </datafield>
  <datafield tag="942" ind1=" " ind2=" ">
    <subfield code="c">RAA</subfield>
  </datafield>
  <datafield tag="952" ind1=" " ind2=" ">
    <subfield code="0">0</subfield>
    <subfield code="1">0</subfield>
    <subfield code="4">0</subfield>
    <subfield code="7">0</subfield>
    <subfield code="8">DEH</subfield>
    <subfield code="a">BD-UIN</subfield>
    <subfield code="b">BD-UIN</subfield>
    <subfield code="d">2025-04-25</subfield>
    <subfield code="l">0</subfield>
    <subfield code="r">2025-04-25</subfield>
    <subfield code="w">2025-04-25</subfield>
    <subfield code="y">RAA</subfield>
  </datafield>
  <datafield tag="999" ind1=" " ind2=" ">
    <subfield code="c">239557</subfield>
    <subfield code="d">239557</subfield>
  </datafield>
</record>
